000 00348nam a22001337a 4500
020 _qPB.
040 _cFIZZA ISHAQ
082 _a422
_bDAV
100 _aPOPKIN,DAVID.
_9132519
245 _aVOCABULARY ENERGIZERS STORIES OF WORD ORIGINS /
_cDAVID POPKIN.
260 _aNEW YORK;
_bHADA PUBLICATION,
_c1990.
300 _a149 P. ;
942 _2ddc
_cBK
999 _c615654
_d615654